Normal view
MARC view
- Mendelssohn Felix
Entry Personal Name
001 - CONTROL NUMBER
- control field: 28914
003 - CONTROL NUMBER IDENTIFIER
- control field: IT-RoPau
005 - DATE AND TIME OF LATEST TRANSACTION
- control field: 20140611165436.0
008 - FIXED-LENGTH DATA ELEMENTS
- fixed length control field: 140611|| aca||aabn | a|a d
040 ## - CATALOGING SOURCE
- Original cataloging agency: IT-RoPau
- Transcribing agency: IT-RoPau
100 ## - HEADING--PERSONAL NAME
- Personal name: Mendelssohn Felix
- Dates associated with a name: Codice autore musica SPICS: 3873
- Relator term: Autore musica
- Name of part/section of a work: Ave Maria op. 23 per coro a 8 voci, organo e fiati
670 ## - SOURCE DATA FOUND
- Source citation: Work cat.: (IT-RoPau)103362: AA.VV. 794, Ave piena di grazia